000 00709nam a2200229 i 4500
001 13541
003 ES-MaACL
005 20230906150617.0
007 t|
008 980514s1993 sp ||||1| spa d
020 _a84-7898-042-3
080 _a929 Trajano (37)
245 0 0 _aIMP. CAES. NERVA TRAIANVS AVG. /
_cJulián González (ed.).
260 _aSevilla :
_bAlfar,
_c1993.
300 _a328 p. :
_bil. ;
_c22 cm.
490 1 _aAlfar universidad ;
_v72.
_aMonografías
600 1 4 _aTrajano
_cEmperador de Roma.
_9111214
700 1 _aGonzález, Julián.
_958345
830 0 _aAlfar universidad ;
_v72.
_aMonografías
_9228429
852 _aES-MaACL
_jL-20889
_bR.121820
999 _c13541
_d13541